000 00732nam a2200241 a 4500
008
020 _a0335171664 (pbk.)
049 _aMAIN
090 _aQC157
245 1 0 _aBasic physical science for technology.
_n281 :
_bUnit 15 Waves; Unit 16 Geometrical optics /
_cprepared by the Open University Course Team.
260 _aWalton Hall, Milton Keynes :
_bOpen University,
_c1984.
300 _a64 p. ;
_c30 cm.
650 1 _aPhysics.
650 _aGeometrical optics.
650 _aWaves.
740 _aWaves.
740 _aGeometrical optics.
907 _a.b1013136x
_b24-01-07
_c24-07-04
003
005 20230123134341.0
040 _cNUST
942 _cBOOKS
_kQC157
999 _c164384
_d164384